00458nam a2200157Ia 4500008004100000020001300041082001200054100002700066245005200093250000700145260004100152300002900193500000700222600002100229650005000250240925s9999 xx 000 0 und d a74634569 a004 WIL awilliams ,Timothy J . 0aMultimedia Chuice Questions in Computer Scence  aNA aNew Delhi:bTata McGraw Hillc,2001. axviii,846p.bNAfPirated aNA aComputer Science aComputer science, information & general works